000 00528 a2200145 4500
999 _c1224
_d1224
020 _a00000
050 _aGV1100.77BUD 2009
100 _aBudokan , Nippon
245 _a
_b the martial ways of japan /
_cNippon budokan ; [edited and translated by Alexander Bennett].
264 _aS. l.] :
_bNippon budokan foundation, cop.
_c2009.
300 _a1 vol. (335 p.) : ill. en noir et en coul., couv. ill. ; 27 cm. + 1 DVD
500 _aIncludes index
650 _aArts martiaux -- Japon.
942 _2lcc
_cBK
_h1100.77
_iBUD
_kGV